000 00875nam a22002415i 4500
999 _c92218
_d92217
005 20190708141914.0
008 170810s2017 nyu 000 0 eng
020 _a9783319485409
080 _a336.763.3
_bMAR
100 _aMarty, Wolfgang
245 0 0 _aFixed income analytics
_bbonds in high and low interest rate environments
_cWolfgang Marty.
260 _aSwitzerland
_bSpringer
_c2017
300 _axvii, 204 p.
653 _aFixed Income
_aEconomics
653 _aBusiness
942 _cBK